| 000 | 004490000a22001810004500 | ||
|---|---|---|---|
| 003 | LK-CoMWRAF | ||
| 005 | 20230926122719.0 | ||
| 008 | 230817t ||||| |||| 00| 0 eng d | ||
| 040 |
_aLK-CoMWRAF _dLK-CoMWRAF _eLK-CoMWRAF |
||
| 041 | _aeng | ||
| 082 |
_a297 _bAHS |
||
| 100 | _aAhsan, S.Akhtar | ||
| 245 | _aDistinguishing Features of Islam | ||
| 260 |
_aPakistan (Lahore) : _bIslami mission, |
||
| 300 | _a79p | ||
| 650 | _aIslam | ||
| 942 | _cBK | ||
| 999 |
_c1682 _d1682 |
||